|
|
|
|
| LEADER |
00000nam a22000007a 4500 |
| 005 |
2021011104004.0 |
| 007 |
cr|||| |||| |
| 008 |
210111s2020 pe |||||s|||| 00||0 spa d |
| 020 |
|
|
|a 978-612-4460-22-7
|
| 035 |
|
|
|a 32542
|
| 040 |
|
|
|a vLex
|
| 090 |
|
|
|c 11074
|d 11074
|
| 100 |
1 |
|
|a Ro̕s Patio, Gino
|
| 245 |
1 |
0 |
|a Criminologa̕ Conductual
|h [Recurso electrn̤ico] :
|b Moldeamiento, imitacin̤, modificacin̤, extincin̤ en la conducta criminal /
|c Gino Ro̕s Patio, Wael Hikal, Osvaldo N. Tieghi
|
| 256 |
|
|
|a Servicio en ln̕ea
|
| 260 |
|
|
|a Lima:
|b Universidad de San Martin de Porres,
|c 2020
|
| 300 |
|
|
|a 1 recurso electrn̤ico
|
| 506 |
1 |
|
|a Disponible solo en los productos indicados
|d vLex Global
|d vLex Global (Academic Edition, excluding Law Schools)
|d vLex Global (U.S. Academic Edition, Law Schools)
|d vLex Global (U.S. Academic Edition, excluding Law Schools)
|d vLex Global (Academic Edition, Law Schools)
|
| 650 |
0 |
4 |
|a Derecho Penal
|z Per︢
|
| 700 |
1 |
|
|a Hikal, Wael
|
| 700 |
1 |
|
|a Tieghi, Osvaldo N.
|
| 740 |
0 |
|
|a vLex Libros (Servicio en ln̕ea)
|
| 856 |
4 |
0 |
|u http://vlex.com/source/criminologia-conductual-moldeamiento-imitacion-modificacion-extincion-en-la-conducta-criminal-32542
|z Acceso restringido
|
| 942 |
|
|
|c BOOK
|
| 999 |
0 |
|
|a Criminal law
|